مكتبة جامعة عجلون الوطنية

فهرس بحث المكتبة

أثر التحول الرقمي في استدامة الإنتاج الرشيق في مصانع الأغذية الأردنية = The Impact of Digital Transformation on the Sustainability of Lean Production in Jordanian Food Factories (Record no. 33948)

MARC details
000 -LEADER
fixed length control field 01036nam a22001937a 4500
003 - CONTROL NUMBER IDENTIFIER
control field JO-AjAnu
005 - DATE AND TIME OF LATEST TRANSACTION
control field 20250715220937.0
008 - FIXED-LENGTH DATA ELEMENTS--GENERAL INFORMATION
fixed length control field 250715b jo ||||| |||| 00| 0 ara d
040 ## - CATALOGING SOURCE
Original cataloging agency ANU
Transcribing agency JO-AjAnu
041 ## - LANGUAGE CODE
Language code of original ARA
100 ## - MAIN ENTRY--PERSONAL NAME
Personal name النعيمات، آثار عبدالله احمد
Relator term معد
9 (RLIN) 66600
245 ## - TITLE STATEMENT
Title أثر التحول الرقمي في استدامة الإنتاج الرشيق في مصانع الأغذية الأردنية = The Impact of Digital Transformation on the Sustainability of Lean Production in Jordanian Food Factories
Statement of responsibility, etc. / إعداد آثار عبدالله احمد النعيمات ؛ اشراف نضال فواز القضاة
260 ## - PUBLICATION, DISTRIBUTION, ETC.
Date of publication, distribution, etc. 2025
300 ## - PHYSICAL DESCRIPTION
Extent 92 ورقة
500 ## - GENERAL NOTE
General note رسالة جامعية (رسالة ماجستير في إدارة الأعمال) - جامعة عجلون الوطنية (الاردن-عجلون) - كلية الأعمال، 2025
650 ## - SUBJECT ADDED ENTRY--TOPICAL TERM
Form subdivision الانتاج-إدارة
700 ## - ADDED ENTRY--PERSONAL NAME
Personal name القضاة، نضال فواز
9 (RLIN) 64892
Relator term مشرف
942 ## - ADDED ENTRY ELEMENTS (KOHA)
Source of classification or shelving scheme Library of Congress Classification
Koha item type Thesis
Suppress in OPAC No
Holdings
Withdrawn status Lost status Source of classification or shelving scheme Damaged status Not for loan Home library Current library Date acquired Total Checkouts Full call number Barcode Date last seen Price effective from Koha item type
    Library of Congress Classification     مكتبة جامعة عجلون الوطنية مكتبة جامعة عجلون الوطنية 15/07/2025   TS155.2025 A30259 15/07/2025 15/07/2025 Thesis
    Library of Congress Classification     مكتبة جامعة عجلون الوطنية مكتبة جامعة عجلون الوطنية 15/07/2025   TS155.2025 A30260 15/07/2025 15/07/2025 Thesis